000 00420nam a2200181Ia 4500
008 151202s9999||||xx |||||||||||||| ||und||
082 _bPNVM-13240
100 _aKEBLE HOWARD
245 _aTHE GOD IN THE GARDEN.
260 _b---
260 _c0
300 _a0
600 _aKEBLE HOWARD
630 _aTHE GOD IN THE GARDEN.
700 _aKEBLE HOWARD
730 _aTHE GOD IN THE GARDEN.
942 _cBOOK
999 _c1279227
_d1279224